| 000 | 00497nac a22001571u 4500 | ||
|---|---|---|---|
| 008 | 090318t xxu||||| |||| 00| 0 eng d | ||
| 020 | _a0880331976 | ||
| 082 |
_a354.47072 _bSER |
||
| 245 |
_aPerestroika: _bNew thinking for our country and the world/ _cMikhail Gorbachev Sergeevich, |
||
| 250 | _anew, updated edition | ||
| 260 |
_alondon: _bCollins .,1987 _c1987 |
||
| 300 |
_a310p.; _b18 cm. |
||
| 500 | _adistributer: Al-Ahram | ||
| 511 | _acatalogued by: wessam | ||
| 942 |
_cBB _k354.47072SER _2ddc |
||
| 999 |
_c5565 _d5565 |
||